<?xml version="1.0" encoding="UTF-8"?>
<record
    xmlns:xsi="http://www.w3.org/2001/XMLSchema-instance"
    xsi:schemaLocation="http://www.loc.gov/MARC21/slim http://www.loc.gov/standards/marcxml/schema/MARC21slim.xsd"
    xmlns="http://www.loc.gov/MARC21/slim">

  <leader>01679nam a2200229   4500</leader>
  <controlfield tag="001">ESSALUD</controlfield>
  <controlfield tag="005">20260701102246.0</controlfield>
  <controlfield tag="007">ta</controlfield>
  <controlfield tag="008">      t        pe ||||| |||| 00| 0 spa d</controlfield>
  <datafield tag="040" ind1=" " ind2=" ">
    <subfield code="a">BMG</subfield>
  </datafield>
  <datafield tag="041" ind1=" " ind2=" ">
    <subfield code="a">spa</subfield>
  </datafield>
  <datafield tag="100" ind1=" " ind2=" ">
    <subfield code="a">Corte Suprema de Justicia de la Rep&#xFA;blica. Sala Civil Permanente</subfield>
    <subfield code="e">Autor</subfield>
    <subfield code="9">53005</subfield>
  </datafield>
  <datafield tag="245" ind1=" " ind2=" ">
    <subfield code="a">No procede la ineficacia por acci&#xF3;n pauliana si el cr&#xE9;dito no est&#xE1; determinado ni cuantificado</subfield>
  </datafield>
  <datafield tag="300" ind1=" " ind2=" ">
    <subfield code="a">p&#xE1;ginas 59-75</subfield>
  </datafield>
  <datafield tag="520" ind1=" " ind2=" ">
    <subfield code="a">La ineficacia por acci&#xF3;n pauliana tiene por finalidad asegurar un cr&#xE9;dito determinado y tambi&#xE9;n cuantificado, pues, para determinar la fundabilidad de la pretensi&#xF3;n, ser&#xED;a necesario establecer el monto que se buscar&#xED;a asegurar con la finalidad de determinar si efectivamente el deudor habr&#xED;a disminuido su patrimonio de tal manera que imposibilite o dificulte el cobro del cr&#xE9;dito. En el presente caso, la demandante ha comprado bienes futuros, cuestionando que la empresa demandada no haya cumplido con las obligaciones pactadas en la minuta de compraventa, las cuales est&#xE1;n referidas a obligaciones de dar y hacer; sin embargo, estas obligaciones no est&#xE1;n cuantificadas en t&#xE9;rminos econ&#xF3;micos, respecto a la cual se pretenda garantizar la obligaci&#xF3;n con la acci&#xF3;n pauliana. En ese sentido, la infracci&#xF3;n alegada deviene en infundada.</subfield>
  </datafield>
  <datafield tag="650" ind1=" " ind2=" ">
    <subfield code="a">CONTRATOS HIPOTECARIOS</subfield>
    <subfield code="9">52992</subfield>
  </datafield>
  <datafield tag="650" ind1=" " ind2=" ">
    <subfield code="a">CR&#xC9;DITOS HIPOTECARIOS</subfield>
    <subfield code="9">53031</subfield>
  </datafield>
  <datafield tag="650" ind1=" " ind2=" ">
    <subfield code="a">ACCI&#xD3;N PAULINA</subfield>
    <subfield code="9">53032</subfield>
  </datafield>
  <datafield tag="650" ind1=" " ind2=" ">
    <subfield code="a">PROTECCI&#xD3;N DEL CR&#xC9;DITO</subfield>
    <subfield code="9">52993</subfield>
  </datafield>
  <datafield tag="773" ind1="0" ind2=" ">
    <subfield code="0">22573</subfield>
    <subfield code="9">22620</subfield>
    <subfield code="d">Lima Grupo Praxis Formaci&#xF3;n Profesional, 2026-</subfield>
    <subfield code="o">PRA001</subfield>
    <subfield code="t">Praxis Civil &amp; Procesal Civil</subfield>
    <subfield code="w">ESSALUD</subfield>
    <subfield code="x">3119-7671</subfield>
  </datafield>
  <datafield tag="942" ind1=" " ind2=" ">
    <subfield code="c">ARTICULOS</subfield>
    <subfield code="e">2026-06-30</subfield>
    <subfield code="z">sqb</subfield>
  </datafield>
  <datafield tag="999" ind1=" " ind2=" ">
    <subfield code="c">22585</subfield>
    <subfield code="d">22585</subfield>
  </datafield>
</record>
